Introducción al álgebra; nociones de álgebra lineal /
Guardado en:
| Autor Principal: | |
|---|---|
| Formato: | Libro |
| Publicado: |
Buenos Aires :
Eudeba,
1963
|
| Edición: | 2a. ed. |
| Materias: | |
| Etiquetas: |
Agregar Etiqueta
Sin Etiquetas, Sea el primero en etiquetar este registro!
|
| LEADER | 01020nam a22002295a 4500 | ||
|---|---|---|---|
| 001 | CEM.cems001823 | ||
| 005 | 20060214000000.0 | ||
| 008 | 130507s1963##################000#0#####d | ||
| 003 | CEMS | ||
| 082 | 0 | 4 | |a 512 |
| 100 | 1 | |a Cotlar, Mischa | |
| 245 | 1 | 0 | |a Introducción al álgebra; nociones de álgebra lineal / |
| 250 | |a 2a. ed. | ||
| 260 | |a Buenos Aires : |b Eudeba, |c 1963 | ||
| 300 | |a 277 p. | ||
| 505 | 0 | |a Simbolos y conjuntos; Variables y proposiciones abiertas; Axiomas, ecuaciones y resolucion de problemas; Los numeros negativos; Ecuaciones, desigualdades y resolucion de problemas; Manejo de polinomios; Productos notables y factorizacion; Operaciones con fracciones; Graficas; Proposiciones con dos variables; Los numeros reales; Funciones y variacion; Ecuaciones cuadraticas y desigualdades; Geometria y trigonometria | |
| 653 | |a Algebra | ||
| 653 | |a Determinantes | ||
| 653 | |a Ecuaciones lineales | ||
| 653 | |a Matematica | ||
| 653 | |a Matrices | ||
| 859 | |a CEMS |b BIB. CEMS - 11 de abril |h 512 |i C826a2 |p 3017.74 |t Ej.1 | ||
